| 000 | 01697nam a2200445 c 4500 | ||
|---|---|---|---|
| 001 | 50691 | ||
| 003 | ES-MaCES | ||
| 005 | 20220307142000.0 | ||
| 008 | 180425s2018 sp 000 | spa d | ||
| 017 |
_aM 6910-2018 _bDL |
||
| 020 | _a9788490206973 | ||
| 020 | _a9788490206980 (electrónico) | ||
| 040 |
_aES-MaCES _bspa _cES-MaCES |
||
| 245 | 0 | 0 |
_aRobótica y su impacto en los recursos humanos y en el marco regulatorio de las relaciones laborales _b: Proyecto Technos _cInstituto Cuatrecasas de Estrategia Legal en RRHH ; dir., Salvador del Rey Guanter ; coord., Guillermo Tena Planas |
| 250 | _a1ª ed | ||
| 260 |
_aMadrid _bWolters Kluwer-La Ley _c2018 |
||
| 300 |
_a402 p. _c24 cm |
||
| 490 | 1 | _aColección Proyecto Technos | |
| 541 | _cCompra | ||
| 650 | 4 |
_arobot industrial _929509 |
|
| 650 | 4 |
_aevaluación del impacto _930732 |
|
| 650 | 4 |
_afuturo del trabajo _930756 |
|
| 650 | 4 |
_amercado de trabajo _928292 |
|
| 650 | 4 |
_aorganización del trabajo _929209 |
|
| 650 | 4 |
_arecursos humanos _928291 |
|
| 650 | 4 |
_aadministración de recursos humanos _930474 |
|
| 650 | 4 |
_arelaciones laborales _928369 |
|
| 650 | 4 |
_acondiciones de trabajo _928327 |
|
| 650 | 4 |
_aderecho del trabajo _927165 |
|
| 650 | 4 |
_aderecho comunitario _929866 |
|
| 650 | 4 |
_aderecho comparado _929868 |
|
| 650 | 4 |
_aevaluación de proyectos _926660 |
|
| 653 | 1 | 0 | _aRelaciones laborales-Empleo |
| 700 | 1 |
_921969 _aRey Guanter, Salvador del _edir. |
|
| 700 | 1 |
_938282 _aTena Planas, Guillermo _ecoord. |
|
| 710 | 2 |
_94236 _aInstituto Internacional Cuatrecasas de Estrategia Legal en Recursos Humanos |
|
| 830 | 0 |
_aColección Proyecto Technos _940209 |
|
| 902 | _aLIB Libro | ||
| 942 |
_2CES _cBK _h2.0. |
||
| 999 |
_c50691 _d50691 |
||